Daně z příjmů po novele Úplné znění zákona s vysvětlivkami

K novele zákona o daniach z príjmov. Zákon č.586/1992 Zb. o daniach z príjmov, v znení neskorších predpisov (úplné znenie). Otázky a odpovede k novele zákona o daniach z príjmov.

Saved in:
Bibliographic Details
Format: Book Chapter
Language:Czech
Subjects:
Tags: Add Tag
No Tags, Be the first to tag this record!

MARC

LEADER 00000naa a2200000 4500
001 r024321
005 20221208130719.5
041 0 |a cze 
044 |a CZ 
245 1 0 |a Daně z příjmů po novele  |b Úplné znění zákona s vysvětlivkami 
520 |a K novele zákona o daniach z príjmov. Zákon č.586/1992 Zb. o daniach z príjmov, v znení neskorších predpisov (úplné znenie). Otázky a odpovede k novele zákona o daniach z príjmov. 
610 2 0 |a dane z príjmov 
610 2 0 |a zákony 
610 2 0 |a Česko 
610 2 0 |a 1992 
610 2 0 |a 1993 
610 2 0 |a 1994